Emilio y Sofía o los solitarios /
Novela pedagógica sobre los deberes sociales del hombre, escrita por el pensador de origen suizo y expresión francesa Jean-Jacques Rousseau (1712-1778). Este se basaba en el supuesto de que la naturaleza humana originariamente es buena, pero luego es corrompida por las malas instituciones. Su idea d...
Guardado en:
| Autor principal: | |
|---|---|
| Otros autores: | |
| Formato: | Libro |
| Idioma: | Español |
| Publicado: |
Madrid, España :
Biblioteca Nueva,
2004, c2004
|
| Colección: | (Clásicos del Pensamiento ;
24) |
| Temas: | |
| Etiquetas: |
Sin etiquetas, Sé el primero en etiquetar este registro!
|
MARC
| LEADER | 00000nam^a2200000^a^4500 | ||
|---|---|---|---|
| 001 | 000172052 | ||
| 005 | 20250521000000.0 | ||
| 009 | 20260310101405.643 | ||
| 020 | |a 84-9742-099-3 | ||
| 037 | |a Acervo ITESO - Biblioteca | ||
| 041 | |a ESP | ||
| 082 | |a 370. 12 |b ROU | ||
| 100 | |a Rousseau, Jean-Jacques |e (autor) | ||
| 245 | 1 | 0 | |a Emilio y Sofía o los solitarios / |c J.J. Rousseau ; prelim., notas y tr. por J. Seoane Pinilla. |
| 264 | 4 | |a Madrid, España : |b Biblioteca Nueva, |c 2004, c2004 | |
| 300 | |a 119 p. | ||
| 336 | |a texto |b txt |2 rdacontenido | ||
| 337 | |a sin mediación |b n |2 rdamedio | ||
| 338 | |a volumen |b nc |2 rdasoporte | ||
| 440 | 1 | |a (Clásicos del Pensamiento ; |v 24) | |
| 520 | |a Novela pedagógica sobre los deberes sociales del hombre, escrita por el pensador de origen suizo y expresión francesa Jean-Jacques Rousseau (1712-1778). Este se basaba en el supuesto de que la naturaleza humana originariamente es buena, pero luego es corrompida por las malas instituciones. Su idea de que la educación no debe limitarse a perpetuar el orden existente, sino que debe influir en el desarrollo de nuevos modelos de vida, influyó notablemente en la pedagogía moderna. | ||
| 649 | |a XX | ||
| 650 | |a Finalidades de la Educación | ||
| 650 | |a Etica Social | ||
| 650 | |a Etica | ||
| 650 | |a Enciclopedia | ||
| 650 | |a Ilustración (Filosofía) | ||
| 650 | |a Filosofía Moderna | ||
| 650 | |a Filosofía de la Educación | ||
| 650 | |a Educación | ||
| 700 | |a Seoane Pinilla, Julio |e (preliminares, notas y traducción) | ||
| 910 | |a Fondo General | ||
| 920 | |a Impresos - Libros | ||
| 930 | |a Colección General | ||
| 905 | |a 101 | ||
| 901 | |a 0500109852 |b IT1 |c ACC |u 20250521 | ||
| 902 | |a https://opac.biblio.iteso.mx/vufind/Record/000172052 | ||